Statistiques concernant Culture Générale - Série 1101

Cliquez ici pour prendre le quiz!

Statistiques générales

  • Ce quiz a été pris 57 fois
  • Le résultat moyen est 6 sur 10

Statistiques - réponses

QuestionRéponse% Correct
Le camp d’extermination d’Auschwitz se trouve en :Pologne
93%
De quel archipel fait partie Ibiza, l’île aux plaisirs réputée pour ses folies nocturnes ?Baléares
89%
Dans quel pays se trouve Rovaniemi, « la ville du Père Noël » ?Finlande
85%
Dans quel pays se trouvent les célèbres neiges du Kilimandjaro ?Tanzanie
69%
Quel animal voit-on au centre du drapeau egyptien ?aigle
59%
À la fin du Déluge, lorsque les eaux se sont retirées, l’arche de Noé se trouvait sur le mont Ararat, c’est-à-dire en ...Turquie
54%
Mouthe, surnommée la commune la plus froide de France à cause de ses nombreux records de basse température, est située dans le ...Doubs
48%
Dans quel pays se trouvent les chutes d’eau les plus hautes du monde, appelées " Salto Angel" (979m) ?Venezuela
37%
Samarkand, grande cité d’art islamique, est située en :Ouzbékistan
26%
Quel pays a pour devise : "je me souviens " ?Québec
15%

Distribution des résultats

Percentile par nombre de réponses

% des personnes avec chaque résultat

Votre développement - résultats

Vous n’avez pas pris ce quiz